000 00208nam a22000857a 4500
001 1235183
005 20250930110632.0
245 _aBEN VE BAŞKALARI
_cBRIGITTE LABBE
260 _bGÜNIŞIĞI KİTAPLIĞI YAYINLARI
999 _c1235183
_d1235183